<?xml version="1.0" encoding="UTF-8"?>
<record
    xmlns:xsi="http://www.w3.org/2001/XMLSchema-instance"
    xsi:schemaLocation="http://www.loc.gov/MARC21/slim http://www.loc.gov/standards/marcxml/schema/MARC21slim.xsd"
    xmlns="http://www.loc.gov/MARC21/slim">

  <leader>01971cgm a22004457a 4500</leader>
  <controlfield tag="007">vd cgaizm</controlfield>
  <controlfield tag="008">140217t2013    xxu109 e ||||  0| vceng d</controlfield>
  <datafield tag="020" ind1=" " ind2=" ">
    <subfield code="a">5051892123266</subfield>
  </datafield>
  <datafield tag="041" ind1="1" ind2=" ">
    <subfield code="a">eng</subfield>
    <subfield code="a">ger</subfield>
    <subfield code="a">ita</subfield>
  </datafield>
  <datafield tag="082" ind1="0" ind2="4">
    <subfield code="2">22</subfield>
    <subfield code="a">791.4372</subfield>
    <subfield code="b">JAC</subfield>
  </datafield>
  <datafield tag="245" ind1="0" ind2="0">
    <subfield code="a">Jack the giant slayer</subfield>
    <subfield code="h">[videorecording] /</subfield>
    <subfield code="c">New Line Cinema, Legendary Pictures, an Original Film, a Big Kid Pictures, a Bad Hat Harry production ; screenplay by Darren Lemke and Christopher McQuarrie and Dan Studney ; produced by Neal H. Moritz ... [et al.] ; directed by Bryan Singer.</subfield>
  </datafield>
  <datafield tag="250" ind1=" " ind2=" ">
    <subfield code="a">2.40 : 1 widescreen</subfield>
  </datafield>
  <datafield tag="260" ind1=" " ind2=" ">
    <subfield code="a">[Burbank, United States] :</subfield>
    <subfield code="b">Warner Bros. Entertainment INC. :</subfield>
    <subfield code="b">Legendary Pictures,</subfield>
    <subfield code="c">c.2013.</subfield>
  </datafield>
  <datafield tag="300" ind1=" " ind2=" ">
    <subfield code="a">1 videodiscs (109 min.) :</subfield>
    <subfield code="b">sd., col. ;</subfield>
    <subfield code="c">4 3/4 in.</subfield>
  </datafield>
  <datafield tag="508" ind1=" " ind2=" ">
    <subfield code="a">Director of photography Newtom Thomas Sigel ; editors John Ottman, Bob Ducsay ; music by John Ottman.</subfield>
  </datafield>
  <datafield tag="511" ind1=" " ind2=" ">
    <subfield code="a">Nicholas Hoult, Eleanor Tomlinson, Stanley Tucci.</subfield>
  </datafield>
  <datafield tag="521" ind1=" " ind2=" ">
    <subfield code="a">Suitable only for persons of 12 years and over.</subfield>
  </datafield>
  <datafield tag="546" ind1=" " ind2=" ">
    <subfield code="a">In English, German, Italian languages.</subfield>
  </datafield>
  <datafield tag="650" ind1=" " ind2="0">
    <subfield code="9">35280</subfield>
    <subfield code="a">Giants</subfield>
    <subfield code="v">Drama</subfield>
  </datafield>
  <datafield tag="650" ind1=" " ind2="0">
    <subfield code="9">35281</subfield>
    <subfield code="a">Princesses</subfield>
    <subfield code="v">Drama</subfield>
  </datafield>
  <datafield tag="653" ind1=" " ind2=" ">
    <subfield code="b">EEENG</subfield>
    <subfield code="c">February2014</subfield>
  </datafield>
  <datafield tag="700" ind1="1" ind2=" ">
    <subfield code="9">35282</subfield>
    <subfield code="a">Tucci, Stanley,</subfield>
    <subfield code="d">1960-</subfield>
  </datafield>
  <datafield tag="700" ind1="1" ind2=" ">
    <subfield code="9">35283</subfield>
    <subfield code="a">Tomlinson, Eleanor,</subfield>
    <subfield code="d">1992-</subfield>
  </datafield>
  <datafield tag="700" ind1="1" ind2=" ">
    <subfield code="9">35284</subfield>
    <subfield code="a">Hoult, Nicholas,</subfield>
    <subfield code="d">1989-</subfield>
  </datafield>
  <datafield tag="700" ind1="1" ind2=" ">
    <subfield code="9">35285</subfield>
    <subfield code="a">Ottman, John,</subfield>
    <subfield code="d">1964-</subfield>
  </datafield>
  <datafield tag="700" ind1="1" ind2=" ">
    <subfield code="9">35286</subfield>
    <subfield code="a">Ducsay, Bob,</subfield>
    <subfield code="d">1962-</subfield>
  </datafield>
  <datafield tag="700" ind1="1" ind2=" ">
    <subfield code="9">35285</subfield>
    <subfield code="a">Ottman, John,</subfield>
    <subfield code="d">1964-</subfield>
  </datafield>
  <datafield tag="700" ind1="1" ind2=" ">
    <subfield code="9">35287</subfield>
    <subfield code="a">Sigel, Newton Thomas,</subfield>
    <subfield code="d">1955-</subfield>
  </datafield>
  <datafield tag="700" ind1="1" ind2=" ">
    <subfield code="9">35294</subfield>
    <subfield code="a">Lemke, Darren</subfield>
  </datafield>
  <datafield tag="700" ind1="1" ind2=" ">
    <subfield code="9">35295</subfield>
    <subfield code="a">McQuarrie, Christopher,</subfield>
    <subfield code="d">1968-</subfield>
  </datafield>
  <datafield tag="700" ind1="1" ind2=" ">
    <subfield code="9">35296</subfield>
    <subfield code="a">Studney, Dan</subfield>
  </datafield>
  <datafield tag="700" ind1="1" ind2=" ">
    <subfield code="9">35297</subfield>
    <subfield code="a">Moritz, Neal H.,</subfield>
    <subfield code="d">1959-</subfield>
  </datafield>
  <datafield tag="700" ind1="1" ind2=" ">
    <subfield code="9">35298</subfield>
    <subfield code="a">Singer, Bryan,</subfield>
    <subfield code="d">1965-</subfield>
  </datafield>
  <datafield tag="710" ind1="2" ind2=" ">
    <subfield code="9">35288</subfield>
    <subfield code="a">Legendary Pictures</subfield>
  </datafield>
  <datafield tag="710" ind1="2" ind2=" ">
    <subfield code="9">35289</subfield>
    <subfield code="a">Original Film (Firm)</subfield>
  </datafield>
  <datafield tag="710" ind1="2" ind2=" ">
    <subfield code="9">35290</subfield>
    <subfield code="a">Big Kid Pictures (Firm)</subfield>
  </datafield>
  <datafield tag="710" ind1="2" ind2=" ">
    <subfield code="9">35291</subfield>
    <subfield code="a"> Bad Hat Harry Productions</subfield>
  </datafield>
  <datafield tag="710" ind1="2" ind2=" ">
    <subfield code="9">35292</subfield>
    <subfield code="a">New Line Cinema Corporation</subfield>
  </datafield>
  <datafield tag="942" ind1=" " ind2=" ">
    <subfield code="2">ddc</subfield>
    <subfield code="c">DVD</subfield>
    <subfield code="k">791.4372 JAC</subfield>
  </datafield>
  <datafield tag="999" ind1=" " ind2=" ">
    <subfield code="c">18072</subfield>
    <subfield code="d">18044</subfield>
  </datafield>
  <datafield tag="952" ind1=" " ind2=" ">
    <subfield code="0">0</subfield>
    <subfield code="1">0</subfield>
    <subfield code="2">ddc</subfield>
    <subfield code="4">0</subfield>
    <subfield code="7">0</subfield>
    <subfield code="8">Baccah</subfield>
    <subfield code="a">MAIN</subfield>
    <subfield code="b">MAIN</subfield>
    <subfield code="c">2ND</subfield>
    <subfield code="d">2014-02-17</subfield>
    <subfield code="e">Purchase</subfield>
    <subfield code="l">1</subfield>
    <subfield code="o">791.4372 JAC</subfield>
    <subfield code="p">000035635</subfield>
    <subfield code="r">2022-08-24 00:00:00</subfield>
    <subfield code="s">2016-08-16</subfield>
    <subfield code="y">CDVDMOV</subfield>
  </datafield>
</record>
